[Event "The Rudolf Charousek Memorial Chess Congress"]
[Site "SchemingMind.com"]
[Date "2005.04.18"]
[Round "-"]
[White "aliwood"]
[Black "C. H. O'D. Schlechter"]
[Result "0-1"]
[WhiteCountry "ENG"]
[BlackCountry "USA"]
[WhiteElo "1366"]
[WhiteRD "67"]
[BlackElo "2184"]
[BlackRD "74"]
[GameID "13007"]

1. e4 Nf6 2. e5 Nd5 3. d4 d6 4. Nf3 g6 5. Bc4 Nb6 6. Bb3 Bg7 7. Ng5 e6 8. Qf3 Qe7 9. Ne4 dxe5 10. Bg5 Qb4+
11. c3 Qa5 12. Bf6 Bxf6 13. Qxf6 O-O 14. Qxe5 Nc6 15. Nf6+ Kh8 16. Qf4 Kg7 17. O-O Qf5 18. Qxf5 exf5 19. Nd5 Nxd5 20. Bxd5 Ne7
21. Bc4 Re8 22. Nd2 Bd7 23. Rfe1 Bc6 24. f3 Rad8 25. Rad1 f4 26. Re5 f6 27. Re2 Nf5 28. Rde1 Rxe2 29. Rxe2 Ne3 30. Bd3 Re8
31. Nc4 Kf7 32. h3 Bb5
0-1

[Event "The Rudolf Charousek Memorial Chess Congress"]
[Site "SchemingMind.com"]
[Date "2005.04.18"]
[Round "-"]
[White "C. H. O'D. Schlechter"]
[Black "aliwood"]
[Result "1-0"]
[WhiteCountry "USA"]
[BlackCountry "ENG"]
[WhiteElo "2156"]
[WhiteRD "72"]
[BlackElo "1242"]
[BlackRD "68"]
[GameID "13008"]

1. e4 e5 2. Nf3 Nf6 3. Nxe5 d6 4. Nf3 Nxe4 5. c4 Be7 6. d4 Ng5 7. Be2 O-O 8. O-O Nc6 9. Nc3 Nxf3+ 10. Bxf3 Bf6
11. Be3 Bd7 12. Nd5 Bg5 13. Bxg5 Qxg5 14. Nxc7 Rac8 15. Nd5 Ne7 16. Qc1 Qxc1 17. Nxe7+ Kh8 18. Raxc1 Rce8 19. Rfe1 b6 20. Bc6 Bxc6
21. Nxc6 Rxe1+ 22. Rxe1 Rc8 23. Nxa7
1-0

[Event "The Rudolf Charousek Memorial Chess Congress"]
[Site "SchemingMind.com"]
[Date "2005.04.18"]
[Round "-"]
[White "Gary"]
[Black "aliwood"]
[Result "1-0"]
[WhiteCountry "ENG"]
[BlackCountry "ENG"]
[WhiteElo "1626"]
[WhiteRD "64"]
[BlackElo "1401"]
[BlackRD "80"]
[GameID "13013"]

1. e4 e5 2. Nf3 Nf6 3. Nxe5 d6 4. Nf3 Nxe4 5. d4 d5 6. Bd3 Bd6 7. O-O O-O 8. c4 c6 9. Nc3 Nxc3 10. bxc3 Bg4
11. cxd5 cxd5 12. h3 Be6 13. Qc2 g6 14. Ng5 Bd7 15. Re1 Nc6 16. f4 f5 17. Rb1 Re8 18. Rxe8+ Qxe8 19. Rxb7 Rb8 20. Rxb8 Bxb8
21. Nf3 Bd6 22. Ne5 Nxe5 23. fxe5 Be7 24. c4 dxc4 25. Bxc4+ Kf8 26. Bh6#
1-0

[Event "The Rudolf Charousek Memorial Chess Congress"]
[Site "SchemingMind.com"]
[Date "2005.04.18"]
[Round "-"]
[White "Gary"]
[Black "C. H. O'D. Schlechter"]
[Result "0-1"]
[WhiteCountry "ENG"]
[BlackCountry "USA"]
[WhiteElo "1694"]
[WhiteRD "67"]
[BlackElo "2190"]
[BlackRD "79"]
[GameID "13014"]

1. e4 Nf6 2. e5 Nd5 3. d4 d6 4. c4 Nb6 5. f4 dxe5 6. fxe5 Nc6 7. Nf3 Bg4 8. Be3 e6 9. Be2 Bxf3 10. Bxf3 Nxc4
11. Bxc6+ bxc6 12. Qc1 Nxe3 13. Qxe3 c5 14. dxc5 Qh4+ 15. Kd1 Rb8 16. Kc2 Qb4 17. b3 Bxc5 18. Qd2 Qe4+ 19. Kc1 Be3
0-1

[Event "The Rudolf Charousek Memorial Chess Congress"]
[Site "SchemingMind.com"]
[Date "2005.04.18"]
[Round "-"]
[White "aliwood"]
[Black "Gary"]
[Result "0-1"]
[WhiteCountry "ENG"]
[BlackCountry "ENG"]
[WhiteElo "1242"]
[WhiteRD "68"]
[BlackElo "1704"]
[BlackRD "63"]
[GameID "13015"]

1. e4 c5 2. Nf3 d6 3. d4 cxd4 4. Nxd4 Nf6 5. Nc3 a6 6. Bg5 e6 7. f4 Be7 8. Qf3 O-O 9. O-O-O Nbd7 10. e5 dxe5
11. Nxe6 fxe6 12. fxe5 Nd5 13. Qg3 Bxg5+ 14. Kb1 Bf4 15. Qg4 Ne3
0-1

[Event "The Rudolf Charousek Memorial Chess Congress"]
[Site "SchemingMind.com"]
[Date "2005.04.18"]
[Round "-"]
[White "C. H. O'D. Schlechter"]
[Black "Gary"]
[Result "1-0"]
[WhiteCountry "USA"]
[BlackCountry "ENG"]
[WhiteElo "2192"]
[WhiteRD "88"]
[BlackElo "1626"]
[BlackRD "64"]
[GameID "13016"]

1. e4 c5 2. c3 e6 3. d4 cxd4 4. cxd4 Nc6 5. Nf3 Nf6 6. Nc3 Bb4 7. Bg5 h6 8. Bxf6 Qxf6 9. Bc4 O-O 10. O-O Bxc3
11. bxc3 a6 12. e5 Qe7 13. a4 d6 14. exd6 Qxd6 15. Bd3 b6 16. Rb1 Rb8 17. Qe2 a5 18. Qe4 f5 19. Qe2 Bb7 20. Rxb6 Rfe8
21. Bc4 Bc8 22. Rxb8 Nxb8 23. Re1 Nc6 24. Nh4 Qf8 25. d5 Nd8 26. Bb5
1-0

[Event "The Rudolf Charousek Memorial Chess Congress"]
[Site "SchemingMind.com"]
[Date "2005.04.18"]
[Round "-"]
[White "rabbit"]
[Black "Gary"]
[Result "1-0"]
[WhiteCountry "USA"]
[BlackCountry "ENG"]
[WhiteElo "1900"]
[WhiteRD "77"]
[BlackElo "1628"]
[BlackRD "69"]
[GameID "13026"]

1. e4 c5 2. Nc3 Nc6 3. g3 d6 4. Nf3 g6 5. d4 cxd4 6. Nxd4 Bg7 7. Be3 Nf6 8. f3 O-O 9. Qd2 Re8 10. O-O-O a6
11. Nxc6 bxc6 12. Bc4 Rb8 13. e5 Nd7 14. exd6 exd6 15. Qxd6 Qe7 16. Qxe7 Rxe7 17. Bf4 Be5 18. Bxe5 Nxe5 19. Rd8+ Kg7 20. Bxa6 Rc7
21. Re1 Bxa6 22. Rxb8 Nxf3 23. Rh1 Nd4 24. Rd1 Ne6 25. b4 Bc4 26. a4
1-0

[Event "The Rudolf Charousek Memorial Chess Congress"]
[Site "SchemingMind.com"]
[Date "2005.04.18"]
[Round "-"]
[White "rabbit"]
[Black "aliwood"]
[Result "1-0"]
[WhiteCountry "USA"]
[BlackCountry "ENG"]
[WhiteElo "1892"]
[WhiteRD "72"]
[BlackElo "1242"]
[BlackRD "68"]
[GameID "13027"]

1. e4 e5 2. Nf3 Nf6 3. Nxe5 d6 4. Nf3 Nxe4 5. d4 d5 6. Nbd2 Bd6 7. Bd3 Bf5 8. Qe2 O-O 9. Ne5 Re8 10. O-O c5
11. Nxf7 Kxf7 12. Qh5+ g6 13. Qxh7+ Ke6 14. Nxe4 Re7 15. Nxc5+ Bxc5 16. Bxf5+ Kxf5 17. Qh3+ Kf6 18. dxc5 Nc6 19. Qh4+ g5 20. Bxg5+
1-0

[Event "The Rudolf Charousek Memorial Chess Congress"]
[Site "SchemingMind.com"]
[Date "2005.04.18"]
[Round "-"]
[White "rabbit"]
[Black "C. H. O'D. Schlechter"]
[Result "0-1"]
[WhiteCountry "USA"]
[BlackCountry "USA"]
[WhiteElo "1887"]
[WhiteRD "74"]
[BlackElo "2184"]
[BlackRD "74"]
[GameID "13028"]

1. e4 e5 2. Nf3 Nc6 3. d4 exd4 4. Bc4 Nf6 5. O-O Nxe4 6. Re1 d5 7. Bxd5 Qxd5 8. Nc3 Qh5 9. Nxe4 Be6 10. Neg5 O-O-O
11. Nxe6 fxe6 12. Rxe6 Bd6 13. Qd3 Rhf8 14. h4 Nb4 15. Qe2 h6 16. Qe4 Qc5 17. Bd2 Nxc2 18. Rc1 d3 19. Rg6 Qb5 20. Bc3 Rde8
21. Qg4+ Kb8 22. Rxg7 Qd5 23. Rh7 Rg8 24. Rg7 Rxg7 25. Qxg7 Rg8 26. Qf6 Qe4 27. Kh1 Qg4 28. Rg1 Rf8 29. Qg7 Qe6 30. Ne5 Rxf2
31. Qg3 Re2 32. Qxd3 Rxe5 33. Bxe5 Qxe5 34. g3 Ne1
0-1

[Event "The Rudolf Charousek Memorial Chess Congress"]
[Site "SchemingMind.com"]
[Date "2005.04.18"]
[Round "-"]
[White "Gary"]
[Black "rabbit"]
[Result "0-1"]
[WhiteCountry "ENG"]
[BlackCountry "USA"]
[WhiteElo "1714"]
[WhiteRD "61"]
[BlackElo "1887"]
[BlackRD "74"]
[GameID "13029"]

1. e4 e5 2. Nf3 Nc6 3. Bb5 a6 4. Ba4 Nf6 5. O-O Nxe4 6. d4 b5 7. Bb3 d5 8. Nxe5 Nxe5 9. dxe5 Be6 10. Nd2 Nc5
11. c3 Nxb3 12. Nxb3 Be7 13. Nd4 Qd7 14. b4 O-O 15. h3 a5 16. f4 Bf5 17. Nxf5 Qxf5 18. Qxd5 axb4 19. cxb4 Rfd8 20. Qb3 Qe4
21. a3 Bxb4 22. Bb2 Rd2
0-1

[Event "The Rudolf Charousek Memorial Chess Congress"]
[Site "SchemingMind.com"]
[Date "2005.04.18"]
[Round "-"]
[White "aliwood"]
[Black "rabbit"]
[Result "0-1"]
[WhiteCountry "ENG"]
[BlackCountry "USA"]
[WhiteElo "1242"]
[WhiteRD "68"]
[BlackElo "1892"]
[BlackRD "72"]
[GameID "13030"]

1. e4 e5 2. Nf3 Nc6 3. Bb5 a6 4. Ba4 Nf6 5. O-O b5 6. Bb3 Nxe4 7. d4 Nxd4 8. Nxd4 Bb7 9. c3 exd4 10. cxd4 Bd6
11. Bc2 O-O 12. Nd2 Nxd2 13. Bxd2 Qh4 14. g3 Bxg3 15. fxg3 Qxd4+ 16. Be3 Qxe3+ 17. Rf2 d6 18. Qe1 Qc5 19. Be4 Rae8
0-1

[Event "The Rudolf Charousek Memorial Chess Congress"]
[Site "SchemingMind.com"]
[Date "2005.04.18"]
[Round "-"]
[White "C. H. O'D. Schlechter"]
[Black "rabbit"]
[Result "1-0"]
[WhiteCountry "USA"]
[BlackCountry "USA"]
[WhiteElo "2184"]
[WhiteRD "74"]
[BlackElo "1887"]
[BlackRD "74"]
[GameID "13031"]

1. e4 e5 2. Nf3 Nc6 3. d4 exd4 4. Nxd4 Nf6 5. Nxc6 dxc6 6. Qxd8+ Kxd8 7. Nc3 Bb4 8. Bd2 Be6 9. Bd3 Kc8 10. f4 Rd8
11. h3 c5 12. a3 Bxc3 13. Bxc3 c4 14. Bxf6 gxf6 15. Be2 Rd4 16. Bf3 c5 17. Rd1 f5 18. Rxd4 cxd4 19. exf5 Bxf5 20. Kd2 Kd7
21. g4 c3+ 22. bxc3 dxc3+ 23. Kxc3 Rc8+ 24. Kd4 Be6 25. f5 Ba2 26. Bxb7 Rxc2 27. Ke5 Rc3 28. Be4 Rxa3 29. Rd1+ Kc7 30. Ra1 Ra5+
31. Kf6 Kb6 32. Kg7 Bc4 33. Rxa5 Kxa5 34. Kxh7
1-0

[Event "The Rudolf Charousek Memorial Chess Congress"]
[Site "SchemingMind.com"]
[Date "2005.04.18"]
[Round "-"]
[White "tzid"]
[Black "Gary"]
[Result "0-1"]
[WhiteCountry "USA"]
[BlackCountry "ENG"]
[WhiteElo "1463"]
[WhiteRD "83"]
[BlackElo "1714"]
[BlackRD "61"]
[GameID "13039"]

1. f4 d5 2. Nf3 Nc6 3. b3 Bg4 4. Bb2 f6 5. e3 Qd6 6. Be2 O-O-O 7. O-O e5 8. fxe5 fxe5 9. Nh4 Bxe2 10. Qxe2 Nf6
11. Nf5 Qd7 12. a3 g6 13. Ng3 Bg7 14. d3 Rhf8 15. Nd2 Rde8 16. Rad1 h5 17. Nf3 Nh7 18. Nh4 Qe6 19. c4 d4 20. exd4 exd4
21. Qxe6+ Rxe6 22. Nf3 Rfe8
0-1

[Event "The Rudolf Charousek Memorial Chess Congress"]
[Site "SchemingMind.com"]
[Date "2005.04.18"]
[Round "-"]
[White "tzid"]
[Black "aliwood"]
[Result "1-0"]
[WhiteCountry "USA"]
[BlackCountry "ENG"]
[WhiteElo "1621"]
[WhiteRD "85"]
[BlackElo "1242"]
[BlackRD "68"]
[GameID "13040"]

1. f4 Nf6 2. Nf3 g6 3. Nc3 Bg7 4. e3 O-O 5. Bc4 d5 6. Bb3 Bg4 7. h3 Bxf3 8. Qxf3 c6 9. a4 a6 10. O-O Nbd7
11. Ne2 e5 12. fxe5 Nxe5 13. Qg3 Re8 14. d4 Ne4 15. Qe1 Ng4 16. hxg4 Qc7 17. Nf4 h5 18. gxh5 Bh6 19. Qh4 Nd6 20. hxg6 fxg6
21. Qxh6 Re7 22. Nxg6 Ree8 23. Qh8#
1-0

[Event "The Rudolf Charousek Memorial Chess Congress"]
[Site "SchemingMind.com"]
[Date "2005.04.18"]
[Round "-"]
[White "tzid"]
[Black "C. H. O'D. Schlechter"]
[Result "0-1"]
[WhiteCountry "USA"]
[BlackCountry "USA"]
[WhiteElo "1626"]
[WhiteRD "128"]
[BlackElo "2136"]
[BlackRD "71"]
[GameID "13041"]

1. d4 d5 2. c4 e6 3. e3 c5 4. Nf3 Nf6 5. Nc3 Nc6 6. Bd3 dxc4 7. Bxc4 a6 8. a3 b5 9. Ba2 Bb7 10. O-O Qc7
11. d5 exd5 12. Nxd5 Nxd5 13. Bxd5 Rd8 14. Ng5 Ne5 15. e4 h6 16. Qh5 g6 17. Qh4 Bg7 18. Bxb7 hxg5
0-1

[Event "The Rudolf Charousek Memorial Chess Congress"]
[Site "SchemingMind.com"]
[Date "2005.04.18"]
[Round "-"]
[White "tzid"]
[Black "rabbit"]
[Result "0-1"]
[WhiteCountry "USA"]
[BlackCountry "USA"]
[WhiteElo "1621"]
[WhiteRD "85"]
[BlackElo "1892"]
[BlackRD "72"]
[GameID "13042"]

1. d4 Nf6 2. Nf3 d5 3. e3 e6 4. c4 dxc4 5. Bxc4 c5 6. O-O a6 7. a4 cxd4 8. Nxd4 Nbd7 9. Nc3 Qc7 10. Qe2 Be7
11. b3 O-O 12. Bb2 Ne5 13. Rfc1 Nxc4 14. Qxc4 Qxc4 15. bxc4 Bd7 16. Ba3 Bxa3 17. Rxa3 Rac8 18. Rb1 Rxc4 19. Rab3 e5 20. Nf3 Rfc8
21. Ne2 Rc2 22. Kf1 Bxa4 23. Rxb7 Bb5 24. Ne1 Bxe2+ 25. Kg1 R2c3 26. Rb8 Bb5 27. Rb7 Rc1
0-1

[Event "The Rudolf Charousek Memorial Chess Congress"]
[Site "SchemingMind.com"]
[Date "2005.04.18"]
[Round "-"]
[White "Gary"]
[Black "tzid"]
[Result "0-1"]
[WhiteCountry "ENG"]
[BlackCountry "USA"]
[WhiteElo "1658"]
[WhiteRD "63"]
[BlackElo "1626"]
[BlackRD "128"]
[GameID "13043"]

1. e4 c5 2. Nf3 Nc6 3. d4 cxd4 4. Nxd4 d6 5. Nc3 Nf6 6. Bg5 e5 7. Nb3 Be7 8. Qd2 Be6 9. O-O-O Qc7 10. Nd5 Bxd5
11. Bxf6 Bxe4 12. Bxg7 Rg8 13. Bh6 Bg6 14. h4 Nb4 15. Bb5+ Kd8 16. a3 Bxc2 17. Qxb4 Bxb3+ 18. Kb1 Bxd1 19. Rxd1 Rxg2
0-1

[Event "The Rudolf Charousek Memorial Chess Congress"]
[Site "SchemingMind.com"]
[Date "2005.04.18"]
[Round "-"]
[White "aliwood"]
[Black "tzid"]
[Result "0-1"]
[WhiteCountry "ENG"]
[BlackCountry "USA"]
[WhiteElo "1242"]
[WhiteRD "68"]
[BlackElo "1621"]
[BlackRD "85"]
[GameID "13044"]

1. e4 c5 2. Nf3 d6 3. d4 cxd4 4. Nxd4 Nc6 5. c4 g6 6. Nc3 Bg7 7. Be3 Nf6 8. Be2 Bd7 9. O-O O-O 10. Rc1 Re8
11. b3 Ne5 12. Nd5 Nxe4 13. f3 Nf6 14. Nxf6+ Bxf6 15. a4 Nc6 16. Nxc6 Bxc6 17. b4 a6 18. a5 e6 19. c5 dxc5 20. Qc2 cxb4
21. Rfd1 Qxa5 22. Bf4 Qb6+ 23. Kh1 Rad8 24. Rxd8 Rxd8 25. Bg3 Bc3 26. Rd1 Rxd1+ 27. Qxd1 Qd4 28. Qxd4 Bxd4
0-1

[Event "The Rudolf Charousek Memorial Chess Congress"]
[Site "SchemingMind.com"]
[Date "2005.04.18"]
[Round "-"]
[White "C. H. O'D. Schlechter"]
[Black "tzid"]
[Result "1-0"]
[WhiteCountry "USA"]
[BlackCountry "USA"]
[WhiteElo "2156"]
[WhiteRD "72"]
[BlackElo "1621"]
[BlackRD "85"]
[GameID "13045"]

1. e4 e6 2. d4 d5 3. e5 c5 4. c3 Nc6 5. Nf3 Be7 6. Bd3 Bd7 7. dxc5 Bxc5 8. Qe2 Nge7 9. Bg5 Qc7 10. b4 Bb6
11. a4 a6 12. O-O h6 13. Bf4 Ng6 14. Bg3 O-O 15. Nbd2 Ba7 16. Rfc1 Rfc8 17. Rab1 Nge7 18. c4 Nd8 19. Nb3 Qb6 20. Nc5 Bc6
21. Qd2 dxc4 22. Rxc4 Qc7 23. Ne4 Qd7 24. Nf6+ gxf6 25. Rg4+ Ng6 26. exf6
1-0

[Event "The Rudolf Charousek Memorial Chess Congress"]
[Site "SchemingMind.com"]
[Date "2005.04.18"]
[Round "-"]
[White "rabbit"]
[Black "tzid"]
[Result "1-0"]
[WhiteCountry "USA"]
[BlackCountry "USA"]
[WhiteElo "1892"]
[WhiteRD "72"]
[BlackElo "1621"]
[BlackRD "85"]
[GameID "13046"]

1. e4 e6 2. d4 d5 3. Nc3 Nf6 4. e5 Nfd7 5. f4 c5 6. Nf3 Nc6 7. Be3 cxd4 8. Nxd4 Nxd4 9. Bxd4 Bc5 10. Qd2 O-O
11. Be2 a6 12. O-O-O b5 13. Bxc5 Nxc5 14. Bf3 Bb7 15. Rhe1 Qa5 16. Kb1 b4 17. Ne2 Ne4 18. Bxe4 dxe4 19. a3 Bd5 20. Qxb4 Qxb4
21. axb4 Rab8 22. Nc3 Rfd8 23. g3 Rxb4 24. Rxe4 Rxe4 25. Nxe4 Ba2+ 26. Kc1 Rxd1+ 27. Kxd1 Kf8 28. b3 a5 29. Nc3
1-0

[Event "The Rudolf Charousek Memorial Chess Congress"]
[Site "SchemingMind.com"]
[Date "2005.04.18"]
[Round "-"]
[White "pudutse"]
[Black "Gary"]
[Result "1-0"]
[WhiteCountry "ARG"]
[BlackCountry "ENG"]
[WhiteElo "1781"]
[WhiteRD "95"]
[BlackElo "1626"]
[BlackRD "64"]
[GameID "13058"]

1. e4 c5 2. Nf3 d6 3. d3 Nc6 4. g3 g6 5. Bg2 Bg7 6. O-O Nf6 7. Nc3 O-O 8. Ne2 b5 9. c3 Bb7 10. a4 b4
11. Bg5 Qa5 12. Nd2 Qc7 13. Nc4 a5 14. Qd2 Ba6 15. Ne3 e6 16. Rac1 Nd7 17. Ng4 h5 18. Ne3 Nb6 19. b3 Ne5 20. c4 Nc6
21. Nc2 Bb7 22. Bh6 Rad8 23. Bxg7 Kxg7 24. d4 cxd4 25. Ncxd4 Nd7 26. Nb5 Qb6 27. Nxd6 Nc5 28. Qb2+ Kg8 29. Rcd1 Ne7 30. Nxb7 Nxb7
31. Qf6 Nc6 32. Kh1 Nd6 33. Qg5 Kg7 34. Nf4 Kh7 35. c5
1-0

[Event "The Rudolf Charousek Memorial Chess Congress"]
[Site "SchemingMind.com"]
[Date "2005.04.18"]
[Round "-"]
[White "pudutse"]
[Black "aliwood"]
[Result "1-0"]
[WhiteCountry "ARG"]
[BlackCountry "ENG"]
[WhiteElo "1765"]
[WhiteRD "91"]
[BlackElo "1354"]
[BlackRD "69"]
[GameID "13059"]

1. e4 e5 2. Nf3 Nf6 3. Nxe5 d6 4. Nf3 Nxe4 5. d4 d5 6. Bd3 Be7 7. O-O Nc6 8. Re1 Bg4 9. c3 O-O 10. Bxe4 dxe4
11. Rxe4 Bh5 12. Nbd2 Re8 13. Qb3 Bg6 14. Re1 Qd7 15. Nc4 Bh5 16. Nfe5 Nxe5 17. Nxe5 Qf5 18. Be3 Bh4 19. c4 Rab8 20. c5 c6
21. Nc4 Re7 22. Nd6 Qg6 23. Qc4 Bf3 24. Qf1 Be4 25. Nxe4 Rxe4 26. Red1 Rd8 27. Rd2 f5 28. Qc4+
1-0

[Event "The Rudolf Charousek Memorial Chess Congress"]
[Site "SchemingMind.com"]
[Date "2005.04.18"]
[Round "-"]
[White "pudutse"]
[Black "C. H. O'D. Schlechter"]
[Result "0-1"]
[WhiteCountry "ARG"]
[BlackCountry "USA"]
[WhiteElo "1773"]
[WhiteRD "84"]
[BlackElo "2156"]
[BlackRD "72"]
[GameID "13060"]

1. e4 e5 2. Nf3 Nc6 3. Bc4 Bc5 4. c3 Nf6 5. d4 exd4 6. cxd4 Bb4+ 7. Nc3 Nxe4 8. Qc2 d5 9. O-O Nxc3 10. bxc3 dxc4
11. cxb4 Be6 12. Re1 Qd5 13. Bb2 Nxb4 14. Qa4+ Nc6 15. Ne5 b5 16. Qc2 O-O 17. Nxc6 Qxc6 18. Qc3 Bd5 19. Qg3 b4 20. Re7 c3
21. Bc1 Rfe8 22. Rxe8+ Rxe8 23. Bf4 Bxa2 24. h4 b3 25. Be5 Rxe5 26. Qxe5 c2 27. Rc1 b2
0-1

[Event "The Rudolf Charousek Memorial Chess Congress"]
[Site "SchemingMind.com"]
[Date "2005.04.18"]
[Round "-"]
[White "pudutse"]
[Black "rabbit"]
[Result "0-1"]
[WhiteCountry "ARG"]
[BlackCountry "USA"]
[WhiteElo "1773"]
[WhiteRD "84"]
[BlackElo "1892"]
[BlackRD "72"]
[GameID "13061"]

1. e4 e5 2. Nf3 Nc6 3. Bc4 Bc5 4. c3 Nf6 5. d4 exd4 6. cxd4 Bb4+ 7. Nc3 Nxe4 8. O-O Bxc3 9. bxc3 d5 10. Bd3 O-O
11. Qc2 Re8 12. Nd2 Bf5 13. f3 Nxd2 14. Bxd2 Bxd3 15. Qxd3 Na5 16. Rab1 b6 17. Rfe1 Qd7 18. Re3 Nc4 19. Rxe8+ Rxe8 20. Bf4 Qa4
21. Rc1 Qxa2 22. Bxc7 Ne3
0-1

[Event "The Rudolf Charousek Memorial Chess Congress"]
[Site "SchemingMind.com"]
[Date "2005.04.18"]
[Round "-"]
[White "pudutse"]
[Black "tzid"]
[Result "1/2-1/2"]
[WhiteCountry "ARG"]
[BlackCountry "USA"]
[WhiteElo "1773"]
[WhiteRD "84"]
[BlackElo "1621"]
[BlackRD "85"]
[GameID "13062"]

1. e4 c5 2. Nf3 d6 3. d3 Nc6 4. g3 g6 5. Bg2 Bg7 6. O-O Nf6 7. Nc3 O-O 8. Ne2 Nd7 9. c3 b5 10. Bg5 Nde5
11. Nxe5 Nxe5 12. Qc2 Rb8 13. d4 cxd4 14. cxd4 Nc4 15. b3 Nb6 16. Rac1 f6 17. Be3 Bb7 18. Qc7 Qxc7 19. Rxc7 e6 20. Rfc1 Rfc8
21. Rxc8+ Rxc8 22. Rxc8+ Nxc8 23. f4 Kf7 24. Kf2 a6 25. Nc1 Ne7 26. Nd3 f5 27. e5 Bxg2 28. Kxg2 Nd5 29. Bd2 Ke8 30. Nb4 Nxb4
31. Bxb4 dxe5 32. dxe5 Bf8=
1/2-1/2

[Event "The Rudolf Charousek Memorial Chess Congress"]
[Site "SchemingMind.com"]
[Date "2005.04.18"]
[Round "-"]
[White "Gary"]
[Black "pudutse"]
[Result "0-1"]
[WhiteCountry "ENG"]
[BlackCountry "ARG"]
[WhiteElo "1714"]
[WhiteRD "61"]
[BlackElo "1762"]
[BlackRD "84"]
[GameID "13063"]

1. e4 e5 2. Nf3 Nc6 3. Bb5 a6 4. Ba4 b5 5. Bb3 Nf6 6. O-O Be7 7. Re1 d6 8. d4 Bg4 9. dxe5 Nxe5 10. Nbd2 O-O
11. h3 Bh5 12. c3 c5 13. Re3 c4 14. Bc2 Nfd7 15. Qe1 Nc5 16. Nxe5 dxe5 17. Nf3 Qc7 18. g4 Bg6 19. Nh4 Bxh4
0-1

[Event "The Rudolf Charousek Memorial Chess Congress"]
[Site "SchemingMind.com"]
[Date "2005.04.18"]
[Round "-"]
[White "aliwood"]
[Black "pudutse"]
[Result "0-1"]
[WhiteCountry "ENG"]
[BlackCountry "ARG"]
[WhiteElo "1354"]
[WhiteRD "69"]
[BlackElo "1765"]
[BlackRD "91"]
[GameID "13064"]

1. e4 e5 2. Nf3 Nc6 3. Bb5 a6 4. Ba4 Nf6 5. O-O Be7 6. Re1 b5 7. Bb3 O-O 8. c3 d6 9. d4 Bg4 10. a4 Na5
11. Bc2 c5 12. dxe5 Bxf3 13. Qxf3 dxe5 14. b4 cxb4 15. axb5 axb5 16. cxb4 Bxb4 17. Bd2 Bxd2 18. Rd1 Qd4 19. Nxd2 Qb6 20. Rac1 Nc6
21. Nb3 Rfd8 22. Rxd8+ Rxd8 23. Rd1 Nd4 24. Nxd4 Rxd4 25. h4 Rxd1+ 26. Bxd1 h6 27. Qf5 Qd6
0-1

[Event "The Rudolf Charousek Memorial Chess Congress"]
[Site "SchemingMind.com"]
[Date "2005.04.18"]
[Round "-"]
[White "C. H. O'D. Schlechter"]
[Black "pudutse"]
[Result "1-0"]
[WhiteCountry "USA"]
[BlackCountry "ARG"]
[WhiteElo "2184"]
[WhiteRD "74"]
[BlackElo "1762"]
[BlackRD "84"]
[GameID "13065"]

1. e4 e5 2. Nf3 Nc6 3. d4 exd4 4. Nxd4 Bc5 5. Nxc6 bxc6 6. Bd3 d6 7. O-O Nf6 8. Nc3 h6 9. Bf4 O-O 10. Na4 Bb6
11. Nxb6 axb6 12. a4 Re8 13. Qf3 Bg4 14. Qg3 Qd7 15. f3 Bh5 16. Bxh6 Bg6 17. Bg5 Nh5 18. Qh4 Qe6 19. g4 Nf6 20. Bxf6 Qxf6
21. Qxf6 gxf6 22. h4 d5 23. Rfe1 d4 24. h5 Bh7 25. b4 Re5 26. a5 bxa5 27. f4 Ree8 28. bxa5 c5 29. a6 Ra7 30. Kf2 c4
31. Bxc4 Rxe4 32. Rxe4 Bxe4 33. Bd3 Bd5 34. h6 Be6 35. Rb1 Ra8 36. a7
1-0

[Event "The Rudolf Charousek Memorial Chess Congress"]
[Site "SchemingMind.com"]
[Date "2005.04.18"]
[Round "-"]
[White "rabbit"]
[Black "pudutse"]
[Result "1-0"]
[WhiteCountry "USA"]
[BlackCountry "ARG"]
[WhiteElo "1887"]
[WhiteRD "74"]
[BlackElo "1762"]
[BlackRD "84"]
[GameID "13066"]

1. e4 e5 2. Nf3 Nc6 3. Bc4 Nf6 4. d4 exd4 5. O-O d6 6. Re1 Bg4 7. h3 Bxf3 8. gxf3 Qd7 9. Bf1 g6 10. c3 dxc3
11. Nxc3 Bg7 12. Be3 O-O 13. Qb3 Ne5 14. Bg2 b6 15. f4 Nc6 16. Rad1 Na5 17. Qc2 Rad8 18. e5 Nh5 19. Ne2 Qc8 20. b4 Nb7
21. Qc6 dxe5 22. Qxb7 Qxb7 23. Bxb7 Rd6 24. Rc1 exf4 25. Nxf4 Nxf4 26. Bxf4 Rd4 27. Re4 Rfd8 28. Rxc7 h5 29. Kg2 R4d7 30. Re8+ Rxe8
31. Rxd7 Be5 32. Bd5
1-0

[Event "The Rudolf Charousek Memorial Chess Congress"]
[Site "SchemingMind.com"]
[Date "2005.04.18"]
[Round "-"]
[White "tzid"]
[Black "pudutse"]
[Result "1-0"]
[WhiteCountry "USA"]
[BlackCountry "ARG"]
[WhiteElo "1626"]
[WhiteRD "128"]
[BlackElo "1846"]
[BlackRD "87"]
[GameID "13067"]

1. f4 Nf6 2. b3 c5 3. e3 e6 4. Bb2 d5 5. Nf3 Nc6 6. Be2 g6 7. O-O Bg7 8. Na3 O-O 9. Ne5 a6 10. c4 d4
11. Nxc6 bxc6 12. exd4 cxd4 13. d3 c5 14. Bf3 Rb8 15. Qd2 Bb7 16. Nc2 Qc7 17. Rab1 Bxf3 18. Rxf3 Bh6 19. Rbf1 e5 20. Qe2 exf4
21. Bc1 Nd5 22. cxd5
1-0

[Event "The Rudolf Charousek Memorial Chess Congress"]
[Site "SchemingMind.com"]
[Date "2005.04.18"]
[Round "-"]
[White "Gordon"]
[Black "Gary"]
[Result "1-0"]
[WhiteCountry "ENG"]
[BlackCountry "ENG"]
[WhiteElo "2067"]
[WhiteRD "61"]
[BlackElo "1704"]
[BlackRD "63"]
[GameID "13068"]

1. e4 c5 2. Nf3 d6 3. d4 cxd4 4. Nxd4 Nf6 5. Nc3 a6 6. Be3 e6 7. f3 Be7 8. Qd2 O-O 9. O-O-O b5 10. Kb1 Bb7
11. g4 Qc7 12. g5 Nfd7 13. h4 Nc5 14. h5 Nbd7 15. g6 Nf6 16. b4 Ncd7 17. h6 fxg6 18. Nxe6 Qc6 19. Nd5 Nxd5 20. exd5 Qc8
21. hxg7 Rf7 22. Rxh7 Kxh7 23. Qh2+
1-0

[Event "The Rudolf Charousek Memorial Chess Congress"]
[Site "SchemingMind.com"]
[Date "2005.04.18"]
[Round "-"]
[White "Gordon"]
[Black "aliwood"]
[Result "1-0"]
[WhiteCountry "ENG"]
[BlackCountry "ENG"]
[WhiteElo "2067"]
[WhiteRD "61"]
[BlackElo "1242"]
[BlackRD "68"]
[GameID "13069"]

1. e4 e5 2. Nf3 Nf6 3. Nxe5 d6 4. Nf3 Nxe4 5. Nc3 Nxc3 6. dxc3 Be7 7. Bf4 O-O 8. Qd2 Nd7 9. O-O-O Nc5 10. Kb1 Re8
11. Be3 Bf6 12. Bc4 Ne4 13. Qc1 c5 14. h4 Bg4 15. Rd3 Nxc3+ 16. bxc3 Bf5 17. Ng5 Bxd3 18. Bxf7+ Kh8 19. Bxe8 Qb6+ 20. Qb2 Qa6
21. cxd3 Rxe8 22. Qb3 b5 23. Nf7+ Kg8 24. Nh6+ Kf8 25. Qf7#
1-0